000 00298nam a2200133Ia 4500
100 _aAatre/Vasudev
942 _cBK
654 _anetwork
245 _aNetwork theory and filter design
260 _bWILEY EASTERN LIMITED
_aNew Delhi
_c1983
082 _a4.65
300 _a476
546 _aENGLISH
999 _c20283
_d20283